000 06175nam a2200325 a 4500
001 BRCA_5197
005 20190320204959.0
008 251110s1827----mx-######v---#000-0#spa-#
041 _aspa
044 _amx
084 _aDOC145
_b.R85
_c1827
100 1 _aRuíz, José María
_cSecular
_913307
245 1 0 _aDocumento expedido a José María Ruíz por el Tribunal de Fe del Obispado de Puebla
_cJosé María Ruíz.
260 _aMéxico
_c1827
300 _a[77] fojas
_c33 x 23 cm
500 _aDocumento firmado el 13 de febrero por José María Ruíz
500 _aEspontánea de Don José María Ruíz por haber simulado la celebración del Santo Oficio de la Misa siendo secular. Tribunal de Fe del Obispado de Puebla
500 _aEl documento contiene leyenda DOC. #314
500 _aPapel con marca de agua
500 _aEn papel sellado con inscripción que dice: ESTADO DE PUEBLA. SELLO CUARTO. UNA CUARTILLA. PARA LOS AÑOS DE MIL OCHOCIENTOS VEINTE Y SEIS Y OCHOCIENTOS VEINTE Y SIETE
500 _aEn papel sello nacional e inscripción que dice: UNA CUARTILLA. SELLO CUARTO. HABILITADO POR EL ESTADO DE MICHOACAN. PARA EL BIENIO DE MIL OCHOCIENTOS VEINTE Y CINCO Y OCHOCIENTOS VEINTE Y SEIS. Convento de Valladolid. 2 de agosto de 1825
500 _aEstado de conservación: contiene acidificación y dañado los márgenes
505 0 _aContenido: Don José María Ruíz, se dirige al Tribunal de Fe, explicando que después de radicar en Puebla se fue a México a donde hizo sotana y manteo, dijo 5 misas en: San Martín Texmelucan, Convento de San Roque, Curato de Coscatlán y 2 en San Juan Tecamaboca. Firma Ruíz. -- Puebla de los Angeles 7 de febrero de 1827. Ratificación de la declaración del reo ante el Lic. Don Francisco José Pavón, Juez del Tribunal de Fe. -- Cargos concretos del Promotor Fiscal Don José Ma. Ruíz como faltas graves a la Iglesia. Firma Don José Mariano de Nava y Mora. -- Convento de Valladolid. 2 de agosto de 1825. Don José Ignacio Ma. Ruíz Caballero, certifica la estancia de José Ma. Ramón Ruíz en el mismo convento. -- Puebla de los Ángeles, 14 de febrero de 1827. Interrogatorio a José Ma. Ramón Ruíz sobre si había impartido los sacramentos. El promotor Fiscal opina que es suficiente las pruebas que exísten para juzgarlo como sospechoso de heregía y pide se le manden pedir informes al Convento de San Juan de Dios donde estuvo el acusado. Firma Don José Mariano de Nava y Mota. -- Puebla de los Ángeles febrero 19 de 1827. Se notifica a José Ma. Ruíz que no se puede salir de la ciudad mientras dure la diligencia. -- Puebla de los Ángeles febrero 17 de 1827. Lista de los conventos de N. P. S. Juan de Dios, existentes en la república y el nombre de los Prelados Directivos. Firma Fr. Ignacio Quintana. -- Convento de San Diego México febrero 20 de 1827. Constancia de la estancia de José Ma. Ruíz en el mismo como sacristán. -- Convento de San Diego de México. 21 de febrero de 1827. Carta de Fr. José Nisieses al Sor. Provisor Lic. Don Francisco José Pavón, comunicándole que se dá la información conocida acerca de su petición. -- Puebla de los Ángeles 14 de marzo de 1827. El promotor fiscal pide en virtud de no existir ya los conventos de San Juan de Dios ni en Querétaro ni en Celaya, que se declaren los sacristianes que lo han visto oficiar. Lo aprueba el Provisor y Vicario General del Obispado. -- Puebla de los Ángeles 17 de marzo de 1827. Don José Ma. Ruíz, declara que conocen bien los Presbíteros Felipe Ochoa, Manuel Ochoa e Ignacio Basurto, Firma Ruíz. -- Puebla de los Ángeles, 20 de marzo de 1827. Se manda avisar al Promotor Vicario General de México, Don José Ma. Bucheli, para que designe a la persona que guste y recida en Querétaro para tomar las declaraciones a los Presbíteros. -- México 27 de marzo de 1827. Bucheli contesta designándo al Juez de Querétaro para tal comisión. -- Querétaro, 3 de abril de 1827. Declaración del 1er testigo, Presbítero Don Felipe Ochoa. -- Querétaro, 3 de abril de 1827. Declaración del 2do presbítero Don Manuel Ochoa. -- Querétaro, 23 de abril de 1827. Declaración del 3er testigo Don Ignacio Basurto. -- Puebla de los Ángeles, 12 de mayo de 1827. Por petición del señor Promotor fiscal, nueva confesión del reo. firma José Ma. Ruíz. -- Puebla de los Ángeles, 16 de mayo de 1827. El Promotor fiscal José Mariano Nava y Mota, hace cargo a José Ma. Ruíz de haber dicho misa y recibir dinero del Padre Santiesteban. -- Puebla de los Ángeles, 22 de mayo de 1827. Declaración del Prebístero Santiesteban. -- Puebla de los Ángeles, 20 de mayo de 1827. Declaración de Don Francisco Romero, Administrador del Mesón de Santa Teresa. -- Puebla de los Ángeles, 8 de junio de 1827. -- Se nombra Juez defensor al Lic. Tomás Garcés. -- Puebla de los Ángeles, 3 de agosto de 1827. Notificación de lo mismo a Lic. Don Tomás Garcés. Puebla de los Ángeles, 11 de abril de 1828. Notificación al Lic. Garcés para que se presente inmediatamente a hacer la defensa del acusado. -- México 6 de mayo de 1829. Comunicación de José María Ruíz a su abogado defensor Lic. Garcés exponiéndole como está su caso. -- México marzo 9 de 1829. José María Ruíz, preso escribe a Bucheli, pidiéndole licencia para salir y poderse defender. Contestación, declaración del reo. Respuesta fiscal. Traslado de la cárcel a la Colegiata Nacional de José María Ruíz. Don Agustín Pérez Lebrija, Juez de Letras, dá a conocer la causa instruída contra José María Ruíz. -- Certificado de padecimiento de demencia de Don José María Ruíz por lo que se pone en libertad. Firman los facultativos de la cárcel Nacional de Don Francisco Mariano Dávila y Don José María Maldonado. México 11 de septiembre de 1829
506 0 _aFondo reservado: para su consulta es necesario credencial de usuario y carta de motivos
600 1 4 _aRuíz, José María
_cSecular
_913307
650 1 4 _aDocumentos legales
_vImpreso con rúbricas
_xHistoria
_yFederalismo y centralismo, 1824-1853
_zMéxico
_913308
700 1 _aNava y Mora, José Mariana de
_913309
902 _aFDH
942 _2lcc
_cD
999 _c4891
_d4891